00723cam a22001937a 450000100100000000500170001000800410002701000170006804000230008505000220010810000290013024000240015924501280018324600350031126000770034630000200042349000360044370000500047900000455520200929151447.0961003s1995 ck 000 0 spa  a 96205204  aDO-SdBNPcDLCdDLC00aMLCS 96/05901 (P)1 aKoltès, Bernard-Marie.10aRegreso al desierto13aEl regreso al desierto ;bTabataba /cBernard-Marie Koltès ; traducciones, Sandro Romero Rey, Heidi Abderhalden Cortés.3 aRegreso al desierto ; Tabataba a[Bogotá] :bEscuela Nacional de Arte Dramático :bColcultura,c1995. a94 p. ;c22 cm.0 aGestus. Separata dramatúrgica12aKoltès, Bernard-Marie.tTabataba.lSpanish.